MDQL
is popping MORE tags! Check the
thread
!
Quizzes
Events
Quiz Creation
Community
Videos
Private Events
Remove Ads
Sign In
Join for FREE
Feedback
Dark Mode
Quiz Categories
Sports
Geography
Music
Movies
Television
Just For Fun
Miscellaneous
History
Literature
Language
Science
Gaming
Entertainment
Religion
Holiday
For Kids
Quiz Lab
Recent
Popular Today
Quiz Kudos Today
Editor Picks
Curator Picks
Quizzes by...
Day
Popularity
Type
Ratings
Length
Year
Community
Subscriptions
Recent Discussions
Orange Saloon
Badges
Playlists
Quests
Create
Leaderboards
Showdown
Live 5
Trivia Bingo
Activity
Puzzle Library
Sporcle Events
Private Events
Virtual Trivia
Globe League
Become a Host
Pub Owners
SporcleCon
Opinionation
Our Games
Videos
Blog
Mobile Apps
Partnerships
Remove Ads and Go Orange
Feedback
Just For Fun
Clickable
Get the Picture
Humor
Quick Pick
Word Ladder
Missing Word
Mixed Word
Blitz
Minefield
This or That
Alphabet
Color
Typing
Sporcle
Puzzle
Word Play
Follow That Line
Logic
Just For Fun
Clickable
Get the Picture
Humor
Quick Pick
Word Ladder
Missing Word
Mixed Word
Blitz
Minefield
This or That
Alphabet
Color
Typing
Sporcle
Puzzle
Word Play
Follow That Line
Logic
Random Quiz
Search Sporcle
×
Featured
Featured
Just For Fun
Pop Music
Type in answers that appear in a list
Type in answers that appear in a list
Classic
Best Score? Go Orange.
Missing Word: Stevie Wonder (A–Z) Stats
Can you name the words missing from these Stevie Wonder songs from A to Z?
By
FreeWorld85
4m
25 Questions
2,886 Plays
2,886 Plays
2,886 Plays
Comments
Comments
Give Quiz Kudos
Give Quiz Kudos
-
- Ratings
hide this ad
More Info
Replay
Link that replays current quiz
Next Quiz
Link to next quiz in quiz playlist
You Got
0%
They Got
Avg Score
79%
Avg Friend Score
Upgrade to see
Score Distribution
Jump to the score distribution portion of the page
Score
0/25
Timer
04:00
0
Plays Today
Song
Word
% Correct
I Was Made to _
_
_
_
_
Her
Love
96.2%
You Can’t _
_
_
_
_
a Book by Its Cover
Judge
95.7%
_
_
_
_
_
and Ivory*
Ebony
95.3%
Signed, Sealed, _
_
_
_
_
I'm Yours
Delivered
94%
You Haven’t Done _
_
_
_
_
’
Nothin
92.9%
Don't You _
_
_
_
_
'bout a Thing
Worry
91.5%
I Love Every Little _
_
_
_
_
About You
Thing
91.4%
That’s What _
_
_
_
_
Are For**
Friends
91%
I Ain’t Gonna Stand for _
_
_
_
_
It
90%
As If You _
_
_
_
_
My Mind
Read
87.9%
For _
_
_
_
_
in My Life
Once
86.2%
Heaven Is 10 _
_
_
_
_
Light Years Away
Zillion
86.1%
You Are the _
_
_
_
_
of My Life
Sunshine
84.8%
Song
Word
% Correct
Yester-
Me, Yester-
You, _
_
_
_
_
Yesterday
84.2%
_
_
_
_
_
Blaster (Jammin')
Master
83.6%
Keep Our Love _
_
_
_
_
Alive
80.9%
He’s Misstra _
_
_
_
_
-
It-
All
Know
79.8%
My _
_
_
_
_
Amour
Cherie
78.5%
Higher _
_
_
_
_
Ground
76.9%
A _
_
_
_
_
in the Sun
Place
68.7%
Go _
_
_
_
_
Home
59%
_
_
_
_
_
(Everything's Alright)
Uptight
52.7%
_
_
_
_
_
On Reggae Woman
Boogie
50%
_
_
_
_
_
in the Black
Queen
48%
Tears in _
_
_
_
_
Vain
40.3%
Quiz Playlist
Details
Report
Send in Message
Add To Playlist
More Info:
There is no song with a word beginning with “X.”
*With Paul McCartney
**Dionne Warwick & Friends
Classic:
Type in answers that appear in a list
Last Updated: Jun 8, 2019
Featured
Curator Pick in
Missing Word
Previous Missing Word
Next Missing Word
Play Today's Daily Dose
Quiz Scoreboard
CHALLENGE
Sign Up to Join the Scoreboard
Show All
Scores
Hide
Comments
May contain spoilers
Recently Published
5x2 Blitz: Bands
by SL_Kpop136
Music
30s
Colored Red Africa Blitz
by spor1
Geography
30s
Find the 'City' Movie
by crazypaving
Movies
60s
More to Explore
Quiz From the Vault
Featured Blog Post
14 Easter Pick-up Lines to Find Eggs With
hide this ad
You Might Also Like...
Tags
Letter Quiz
Missing Word Quiz
Pop Music Quiz
Song Quiz
Lead Singers
Stevie
Stevie Wonder
Wonder
Today's Top Quizzes in Just For Fun
Browse Just For Fun
hide this ad
Today's Top Quizzes in Pop Music
Browse Pop Music
Top Contributed Quizzes in Just For Fun
1
Name Just One - 10 to 1: Just For Fun
2
Avatar the Last Airbender: Logic Puzzle
3
Missing Word: 2-Letter A-Z II
4
Missing Letter Whitney Houston Songs
5
Survivor Winners Logic Puzzle
6
It's Magic / Witchcraft 🎩🪄🧙♀️
7
Missing Word: 'Of' Things A-Z
8
Shadowhunters Protagonists Logic Quiz
9
Quick 5-Color Logic (18)
10
Medium Renzoku Puzzle 11
Explore More
Trending Topics
NBA
Anime
Marvel
Harry Potter
Disney
Kpop
Crossword
WWE
Soccer
Puzzle
Pokémon
Song
NFL
The Office
Country
hide this ad
More By:
FreeWorld85
Quiz
Plays
Rating
Category
Featured
Created
Game of Thrones Dragons
42,422
4.45
Television
Jun 21, 2017
Hated Signature Songs
35,270
4.41
Music
Oct 2, 2016
Quick Pick: Twenty One Pilots
11,895
4.74
Just For Fun
Sep 12, 2017
Missing Word: Anatomy Songs
10,166
4.58
Just For Fun
Feb 21, 2017
Quick Pick: Russian Literature
9,806
4.77
Just For Fun
Jul 22, 2016
Go to Creator's Profile
Score Distribution
Quiz Creator Spotlight
FreeWorld85
Follow
Send a Message
Quizzes Created
-
Created Quiz Play Count
-
More By This Creator
Popular Quizzes Today
1
Colored Red Africa Blitz
2
Find the 'City' Movie
3
Find the US States - No Outlines Minefield
4
5x2 Blitz: Bands
5
The Countries of the World
6
Find the US States
7
US States
8
Find the Countries of Europe - No Outlines Minefield
More Just For Fun Quizzes
Missing Word: Movies Set in Washington State
Published
Trending Quizzes
Colored Red Europe Blitz I
Colored Red Africa Blitz II
Colored Red Europe Blitz II
Colored Red Europe Blitz III
Colored Red Africa Blitz III
Recently Updated
How Do You Spell That?
pecheneg
Godzilla Movies
pecheneg
Grab Bag: 4-10 Letters
pecheneg
2024 March Madness Bracket
pecheneg
Famous TV Couples
Peacemaker
Champions League XIs: Real Madrid
pecheneg
Largest US Cities 1790-2010
pecheneg
Rides in Walt Disney World
pecheneg
Most Oscar Losses (Acting)
pecheneg
Beyoncé Albums
pecheneg
Trending Topics
Anime
Crossword
Disney
Marvel
NBA
Harry Potter
Kpop
WWE
Puzzle
Country
Soccer
Pokémon
NFL
Song
The Office
Your Account Isn't Verified!
In order to create a playlist on Sporcle, you need to verify the email address you used during registration. Go to your
Sporcle Settings
to finish the process.
Report this User
Report this user for behavior that violates our
Community Guidelines
.
Details:
Send Report
Go to the Sporcle.com Mobile Site →
Comments